Cambridgeshire Train Stations - Statistics

General Stats
  • This quiz has been taken 88 times
  • The average score is 12 of 21
Answer Stats
Main Operator Station % Correct
Greater Anglia Cambridge
99%
Greater Anglia Ely
96%
Greater Anglia Cambridge North
87%
London North Eastern Railway Peterborough
81%
CrossCountry March
75%
Great Northern Waterbeach
72%
Thameslink Huntingdon
67%
Thameslink St Neots
66%
Great Northern Foxton
55%
Greater Anglia Shelford
52%
Great Northern Shepreth
48%
Great Northern Meldreth
46%
Greater Anglia Soham
46%
Great Northern Littleport
45%
Greater Anglia Whittlesford Parkway
45%
Greater Anglia Manea
43%
Greater Anglia Whittlesea
39%
Greater Anglia Shippea Hill
34%
Greater Anglia Dullingham
31%
Thameslink Ashwell & Morden
30%
Greater Anglia Kennett
30%
No matching quizzes found
Score Distribution
Percent of People with Each Score
Percentile by Number Answered
Your Score History
You have not taken this quiz